| 000 | 00335nam a22001097a 4500 | ||
|---|---|---|---|
| 082 | _a327 | ||
| 100 |
_aeditors Alok Bansal , Aayushi Ketkar _983666 |
||
| 245 |
_aGeopolitics of Himalayan Region _bCultural, Political and Strategic Dimensions |
||
| 260 |
_aNew Delhi _bPentagon Press _c2020 |
||
| 650 |
_aGeopolitics _983667 |
||
| 942 | _cBK | ||
| 999 |
_c68611 _d68611 |
||